1004 1810 1732 1113 1357 1044 1912 1057 1602 1382 1808 1650 1848 1108 1094 1193 1838 1368 1656 1494 1952 1939 1264 1434 1477 1769 1747 1338 1302 1246 1007 1494 1442 1415 1344 1110 1447 1158 1044 1577 1408 1806 1765 1749 1592 1462 1433 1444 1819 1974 1768 1458 1132 1927 1208 1698 1850 1771 1648 1680 1513 1839 1098 1822 1141 1079 1879 1124 1152 1188 1554 1978 1389 1017 1267 1276 1840 1728 1396 1854 1345 1447 1470 1235 1622 1984 1309 1579 1710 1735 1293 1759 1124 1070 1035 1058 1858 1605 1076 BCNSPRNW ULIB Ver.6.0+V

เปลี่ยนเป็นภาษาไทย

Change to English
 แสดงรายละเอียดบรรณานุกรม
  กลับหน้าหลัก

Brief Record : Get Marc (ISO 2709) : E-mail record : QR code < ปิดหน้าต่าง
LEADER : 00000nam 2200000uu 4500
001    13399127412
003     ULIB
008    200520s2562||||th 000 0 tha d
020    ู^a9786168218044
050  0 ^aนว^bธ739ว
100    ^aธุวัฒธรรพ์
245    ^aวารีสีเลือด
250    ^aพิมพ์ครั้งที่ 1
260    ^aกรุงเทพฯ :^bกู๊ด คอนเทนส์,^c2562
300    ^a184 หน้า;^b21 ซม.
650    ^aนวนิยาย
945    ^p179^l0^i007086
999    ^aประนอม เกษจรัล
รายการนี้ยังไม่มีแท็ก
คุณยังไม่ได้ล็อกอิน คุณสามารถมีกิจกรรมร่วมกับเว็บไซต์ได้ แต่ต้องล็อกอินก่อน ::
  ล็อกอิน

รายการสื่อสารสนเทศ

ลำดับที่ ประเภท เลขเรียก/บาร์โค้ด สถานที่ สถานะ
1. นวนิยาย
นวนิยาย
นว ธ739ว ฉ.1 
  Barcode: 007086
ห้องสมุดวิทยาเขตสวรรค์ประชารักษ์
►หนังสือทั่วไป
บนชั้น

รายการใกล้เคียง
    ชื่อเรื่อง [วารีสีเลือด]

    ผู้แต่ง [ธุวัฒธรรพ์]

    หัวเรื่อง [นวนิยาย]

BibComment


ยังไม่เคยถูกคอมเมนท์

คอมเมนท์ทรัพยากรรายการนี้
  คอมเมนท์: วารีสีเลือด


 Copyright 2026. Bcnsprnw @Library